Quizzes
Events
Quiz Creation
Community
Videos
Private Events
Remove Ads
Sign In
Join for FREE
Feedback
Dark Mode
Quiz Categories
Sports
Geography
Music
Movies
Television
Just For Fun
Miscellaneous
History
Literature
Language
Science
Gaming
Entertainment
Religion
Holiday
For Kids
Quiz Lab
Recent
Popular Today
Quiz Kudos Today
Editor Picks
Curator Picks
Quizzes by...
Day
Popularity
Type
Ratings
Length
Year
Community
Subscriptions
Recent Discussions
Orange Saloon
Badges
Playlists
Quests
Create
Leaderboards
Showdown
Live 5
Trivia Bingo
Activity
Puzzle Library
Sporcle Events
Private Events
Virtual Trivia
Globe League
Become a Host
Pub Owners
SporcleCon
Opinionation
Our Games
Videos
Blog
Mobile Apps
Partnerships
Remove Ads and Go Orange
Feedback
Gaming
Video Games
Board Games
Card Games
Pokémon
Mario
Nintendo
Minecraft
Console
Toys
Legend of Zelda
Gaming
Video Games
Board Games
Card Games
Pokémon
Mario
Nintendo
Minecraft
Console
Toys
Legend of Zelda
Random Quiz
Search Sporcle
×
Quiz Lab
Quiz Lab
Gaming
Smite
Type in answers that appear in a list
Type in answers that appear in a list
Classic
Best Score? Go Orange.
Smite Mages Stats
Can you name the Smite Mages?
By
Dugan16
3m
26 Questions
274 Plays
274 Plays
274 Plays
Comments
Comments
Give Quiz Kudos
Give Quiz Kudos
-
- Ratings
hide this ad
Replay
Link that replays current quiz
Next Quiz
Link to next quiz in quiz playlist
You Got
0%
They Got
Avg Score
65%
Avg Friend Score
Upgrade to see
Score Distribution
Jump to the score distribution portion of the page
Score
0/26
Timer
03:00
0
Plays Today
Pantheon
God
% Correct
Egyptian
Ra
91.6%
Greek
Zeus
85.8%
Hindu
Agni
82.1%
Egyptian
Anubis
74.5%
Chinese
Zhong Kui
73.8%
Norse
Hel
72.6%
Chinese
Ao Kuang
72.3%
Greek
Aphrodite
71.5%
Mayan
Ah Puch
70.8%
Mayan
Kukulkan
70.8%
Greek
Poseidon
70.4%
Chinese
Chang'e
69.7%
Norse
Freya
69%
Pantheon
God
% Correct
Greek
Hades
68.6%
Norse
Sol
68.6%
Celtic
The Morrigan
67.7%
Egyptian
Isis
65.3%
Roman
Janus
63.9%
Japanese
Raijin
63.9%
Greek
Scylla
62.8%
Chinese
He Bo
60.9%
Roman
Nox
60.9%
Roman
Vulcan
60.9%
Chinese
Nu Wa
59.5%
Greek
Chronos
56.6%
Egyptian
Thoth
48.4%
Quiz Playlist
Details
Report
Send in Message
Add To Playlist
Classic:
Type in answers that appear in a list
Quiz Source
Last Updated: Jun 10, 2017
Quiz Scoreboard
CHALLENGE
Sign Up to Join the Scoreboard
Show All
Scores
Hide
Comments
May contain spoilers
Recently Published
Click the 1999 NBA Draft
by nibperrychub
Sports
2m
Alphabetical 'K' Countries by Flag Minefield
by ylime102
Geography
3m
Pick 6: Fruits
by JohnFran
Miscellaneous
15s
More to Explore
Quiz From the Vault
Featured Blog Post
15 Basketball Trivia Facts You Can Be March Mad About
hide this ad
You Might Also Like...
Tags
Smite
Today's Top Quizzes in Gaming
Browse Gaming
hide this ad
Top Contributed Quizzes in Gaming
1
Pokémon Gen IV Logic Puzzle (HARD)
2
HARD Pokemon Logic Puzzle
3
Honkai: Star Rail Technique Names Quiz
4
Order Genshin Impact characters by release date!
5
Stardew Valley Logic Puzzle
6
Genshin Impact Logic Puzzle Quiz
7
Danganronpa 1 Logic Puzzle
8
Pokémon Logic Puzzle (DIFFICULT)
9
Kingdom Hearts Logic Puzzle
10
Genshin Impact Logic Puzzle
Explore More
Trending Topics
Harry Potter
Anime
Disney
Marvel
Crossword
NBA
Kpop
Country
Puzzle
The Office
WWE
NFL
Song
Soccer
Pokémon
hide this ad
More By:
Dugan16
Quiz
Plays
Rating
Category
Featured
Created
Smite Hunters
373
Gaming
Jun 13, 2016
Smite Assassins
301
1.00
Gaming
Jun 12, 2016
Smite Mages
274
Gaming
Jun 13, 2016
Smite Guardians
240
Gaming
Jun 12, 2016
Smite Warriors
195
Gaming
Jun 12, 2016
Go to Creator's Profile
Score Distribution
Quiz Creator Spotlight
Dugan16
Follow
Send a Message
Quizzes Created
-
Created Quiz Play Count
-
More By This Creator
Popular Quizzes Today
1
Countries of Asia Without Outlines Minefield
2
Find the US States - No Outlines Minefield
3
Pick 6: Fruits
4
Alphabetical 'K' Countries by Flag Minefield
5
The Countries of the World
6
Find the US States
7
US States
8
Match the Book to the Film X
More Gaming Quizzes
Super Mario Bros. Wonder New Enemies
Editor's Pick
Trending Quizzes
Pick 6: Mountains
Pick 6: Harry Potter
Pick 6: NFL Teams
Pick 6: Movie Franchises
Pick 6: Golfers
Recently Updated
NWSL Teams
pecheneg
Women's Final Four Teams by Year
bhenderson79
Presidents Quartet II
eogle
Anything But Clue(do)
eogle
Anything But Oceanian Capitals
eogle
Anything But 7
eogle
Anything But Thing
eogle
Word Ladder: February 29
pecheneg
Song Title Questions
pecheneg
Women's NCAA Tournament #1 Seeds
pecheneg
Trending Topics
Marvel
NBA
Anime
Harry Potter
Disney
Kpop
Crossword
NFL
Pokémon
Soccer
Country
WWE
The Office
Puzzle
Song
Your Account Isn't Verified!
In order to create a playlist on Sporcle, you need to verify the email address you used during registration. Go to your
Sporcle Settings
to finish the process.
Report this User
Report this user for behavior that violates our
Community Guidelines
.
Details:
Send Report
Go to the Sporcle.com Mobile Site →
Comments